000 00414nam a2200181Ia 4500
005 20240823041331.0
008 240823s9999||||xx |||||||||||||| ||und||
041 _aHINDI
082 _A294.555 Q3
100 _aSwami vivekananda
245 0 _aKarma-Yoga
250 _a1st
260 _c2013
_b"Ramakrishna Madh,N"
500 _aYES
650 _aSwami Vivekananda
_bGeneral
942 _cBK
999 _c205255
_d205255